000 00703nam a2200289Ia 4500
005 20260324140059.0
008 008 260324s9999 xx 000 0 eng d
020 _a9780203983980
037 _aEBOOK
040 _aCRL
040 _beng
040 _cCRL
041 _2eng
041 _aeng
084 _qCRL
100 _aH. Jerome Freiberg
_91203054
245 0 _aSchool Climate
245 0 _bMeasuring, Improving and Sustaining Healthy Learning Environments
260 _bTaylor and Francis
260 _c1999
365 _a
365 _b275
856 _uhttp://www.taylorfrancis.com/books/9780203983980
942 _cEBOOK
999 _c1804731
_d1804731